| 000 | 00748nam a2200193 a 4500 | ||
|---|---|---|---|
| 008 | 060424s1986 ||||||||||||||||| || u | ||
| 020 | _a0865318565 | ||
| 050 | _aHQ 1870.9 Mar | ||
| 100 | _aMarch, Kathryn S | ||
| 245 | 1 | 0 | _aWomen's informal associations in developing countries : catalysts for change? / |
| 260 |
_aBoulder, Colo. : _bWestview Press _c1986 |
||
| 300 | _a154 p. | ||
| 350 | _a0.00 | ||
| 490 | _aWomen in cross-cultural perspective | ||
| 500 | _aBibliography: p. [125]-143. | ||
| 650 | _aWOMEN--DEVELOPING COUNTRIES--SOCIAL NETWORKS | ||
| 700 | _aTaqqu, Rachelle | ||
| 995 |
_D0.00 _FCBU-MAIN LIBRARY (Kitwe) _H1 _I16.50 _M1 _UAVAILABLE _ZMain Library Open Access Collection |
||
| 999 |
_c61864 _d61864 |
||